Principais Bacterioses - Statistics

Estatísticas Gerais
  • Esse quiz foi jogado 56 vezes
  • A pontuação média é 9 de 20
Estatísticas das Respostas
Hint Resposta % Correto
Destruição progressiva do esmalte dos dentes. Pode levar à dor e à perda dos dentes. Cárie Dentária
74%
Pode resultar de feridas contaminadas. Provoca rigidez muscular e espasmos. Tétano
74%
Afeta principalmente as glândulas sebáceas da pele. Inflamação e formação de espinhas. Acne
70%
Infecção das membranas que envolvem o cérebro e a medula espinhal. Meningite Bacteriana
65%
Afeta principalmente os pulmões. Sintomas incluem tosse persistente, febre e emagrecimento. Tuberculose
65%
Provoca tosse, febre, dificuldade para respirar e dor no peito. Pneumonia Bacteriana
61%
Pode causar paralisia muscular ou ser fatal. Associado à ingestão de alimentos mal conservados. Botulismo
52%
Transmitida através da urina de animais infectados. Pode causar febre, dores musculares, icterícia e problemas renais. Leptospirose
52%
Provoca diarreia aquosa intensa e desidratação grave. Cólera
48%
Pode causar dor ao urinar e secreção genital Gonorreia
48%
Tem diferentes estágios e pode causar lesões cutâneas, problemas cardíacos e neurológicos. Sífilis
48%
Provoca tosse severa, podendo levar a complicações, especialmente em bebês. Coqueluche
43%
Infecção bacteriana nas glândulas sebáceas das pálpebras. Terçol
43%
afeta a pele, nervos periféricos e mucosas das vias respiratórias. Hanseníase
35%
Pode causar dificuldade para respirar e formação de uma membrana espessa na garganta. Difteria
26%
Sintomas incluem diarreia com sangue, cólicas abdominais e febre. Disenteria Bacilar
26%
Pode ocorrer em três formas: cutânea, pulmonar e gastrointestinal. Antraz
17%
Caracterizada por febre alta, dor de cabeça, calafrios e inchaço doloroso dos gânglios linfáticos. Peste Bubônica
13%
Sintomas incluem febre alta, dores de cabeça, fraqueza e erupções cutâneas. Febre Tifoide
9%
Pode resultar em diarreia, cólicas abdominais, febre e vômitos. Gastrenteríte por Salmonelas
9%
Nenhum quiz correspondente encontrado
Distribuição das Pontuações
Porcentagem de Pessoas com Cada Pontuação
Percentil de Números Respondidos
Sua Pontuação Histórica
Você não jogou esse quiz